Genetic analysis on yield and its component characters of Maize(Zea mays L.) varieties available in Bangladesh/ (Record no. 14166)

MARC details
000 -LEADER
fixed length control field 00968nam a22002417a 4500
003 - CONTROL NUMBER IDENTIFIER
control field BD-DhSAU
005 - DATE AND TIME OF LATEST TRANSACTION
control field 20190226133427.0
008 - FIXED-LENGTH DATA ELEMENTS--GENERAL INFORMATION
fixed length control field 160824b2016 bg ||||| |||| 001 0 eng d
040 ## - CATALOGING SOURCE
Original cataloging agency BD-DhSAU
082 ## - DEWEY DECIMAL CLASSIFICATION NUMBER
Edition number 22
Classification number 581.15
Item number H7949
100 ## - MAIN ENTRY--PERSONAL NAME
Personal name Hossain , Md. Deluar
Relator term Registration # 07-02650
245 ## - TITLE STATEMENT
Title Genetic analysis on yield and its component characters of Maize(Zea mays L.) varieties available in Bangladesh/
Remainder of title Ph.D Thesis
Statement of responsibility, etc. Hossain , Md. Deluar
260 ## - PUBLICATION, DISTRIBUTION, ETC. (IMPRINT)
Place of publication, distribution, etc. Genetics and Plant Breeding :
Name of publisher, distributor, etc. Sher-e-Bangla Agricultural University,
Date of publication, distribution, etc. 2016
300 ## - PHYSICAL DESCRIPTION
Extent xxiii, 262 p. :
Other physical details ill. ;
Dimensions 30 cm.
500 ## - GENERAL NOTE
General note Ph.D thesis of Department of ,Genetics and Plant Breeding, Sher-e-Bangla Agricultural University, Dhaka.
590 ## - Name of Cataloguer
Name of Cataloger Shofi
650 ## - SUBJECT ADDED ENTRY--TOPICAL TERM
Topical term or geographic name as entry element Genetics and Plant Breeding
650 ## - SUBJECT ADDED ENTRY--TOPICAL TERM
Topical term or geographic name as entry element Genetic analysis
650 ## - SUBJECT ADDED ENTRY--TOPICAL TERM
Topical term or geographic name as entry element Component characters
650 ## - SUBJECT ADDED ENTRY--TOPICAL TERM
Topical term or geographic name as entry element Maize(Zea mays L.)
Geographic subdivision Bangladesh
700 ## - ADDED ENTRY--PERSONAL NAME
Personal name Mahmud , Firoz
Relator term Supervisor
942 ## - ADDED ENTRY ELEMENTS (KOHA)
Source of classification or shelving scheme Dewey Decimal Classification
Koha item type PhD Thesis
Holdings
Withdrawn status Lost status Source of classification or shelving scheme Damaged status Not for loan Collection code Home library Branch Name Date acquired Total Checkouts Full call number Barcode Date last seen Price effective from Koha item type
    Dewey Decimal Classification   Not For Loan Reference SAU Library SAU Library 17/10/2017   581.15 H7949 40418 26/11/2017 26/11/2017 MS Level Thesis